| Tag |
First Indicator |
Second Indicator |
Subfields |
| LEADER |
00000cam a2200000 i 4500 |
| 001 |
in00004572821 |
| 006 |
m o d f |
| 007 |
cr ||||||||||| |
| 008 |
211116e202110 ohua obt f000 0 eng c |
| 005 |
20220513204029.0 |
| 035 |
|
|
|a (OCoLC)on1285393743
|
| 040 |
|
|
|a GPO
|b eng
|e rda
|e pn
|c GPO
|d GPO
|d MvI
|
| 042 |
|
|
|a pcc
|
| 049 |
|
|
|a WWW
|
| 074 |
|
|
|a 0830-D (online)
|
| 086 |
0 |
|
|a NAS 1.15:20210018297
|
| 100 |
1 |
|
|a Waldstein, Seth W.,
|e author.
|
| 245 |
1 |
0 |
|a Microwave photoelasticity :
|b exploiting multiple resonances to measure stress changes within yttria-partially-stabilized /
|c Seth W. Waldstein and Peter J. Schemmel.
|
| 246 |
3 |
0 |
|a Exploiting multiple resonances to measure stress changes within yttria-partially-stabilized
|
| 264 |
|
1 |
|a Cleveland, Ohio :
|b National Aeronautics and Space Administration, Glenn Research Center,
|c October 2021.
|
| 300 |
|
|
|a 1 online resource (12 pages) :
|b color illustrations.
|
| 336 |
|
|
|a text
|b txt
|2 rdacontent
|
| 337 |
|
|
|a computer
|b c
|2 rdamedia
|
| 338 |
|
|
|a online resource
|b cr
|2 rdacarrier
|
| 490 |
1 |
|
|a NASA/TM ;
|v 20210018297
|
| 500 |
|
|
|a "October 2021."
|
| 500 |
|
|
|a GPO Cataloging Record Distribution Program (CRDP).
|
| 504 |
|
|
|a Includes bibliographical references (page 12).
|
| 588 |
|
|
|a Description based on online resource, PDF version; title from title page (NASA, viewed on Nov. 16, 2021).
|
| 650 |
|
7 |
|a Photoelasticity.
|2 nasat
|
| 650 |
|
7 |
|a Zirconium.
|2 nasat
|
| 650 |
|
7 |
|a Yttria-stabilized zirconia.
|2 nasat
|
| 700 |
1 |
|
|a Schemmel, Peter J.,
|e author.
|
| 710 |
2 |
|
|a NASA Glenn Research Center,
|e issuing body.
|
| 830 |
|
0 |
|a NASA technical memorandum ;
|v 20210018297.
|
| 856 |
4 |
0 |
|u https://purl.fdlp.gov/GPO/gpo171817
|t 0
|
| 999 |
f |
f |
|s 58ec8bd1-1cec-4a2e-8f7b-dade06c3c01b
|i 710c949b-6e01-4562-9cc1-41040130e630
|t 0
|
| 952 |
f |
f |
|a Texas A&M University
|b College Station
|c Electronic Resources
|d Available Online
|t 0
|e NAS 1.15:20210018297
|h Superintendent of Documents classification
|
| 998 |
f |
f |
|a NAS 1.15:20210018297
|t 0
|l Available Online
|